=LDR 00000nam 2200000 4500 =001 INLIS000000000031680 =005 20130612133735 =008 ***********************************ind** =035 ##$$0010-061300000031680 =041 ##$$a ind =082 ##$$a 028.5 =090 ##$$a 028.5, Ret t =100 ##$$a \; RETNO, Dewi R =245 ##$$a Tiga Menit Belajar Pengetahuan Umum; Dewi R. Retno =260 ##$$a Buana Ilmu Populer $b Jakarta =300 ##$$a 193 hlm., , Illus., , 24 cm =650 ##$$a BACAAN ANAK-ANAK =850 ##$$a NBPNMAT